Score 0/24 Timer 03:00
1 Play Today
Hint Missing Word % Correct
HistoryPotato
86.5%
MoviesPilgrim
84.5%
LiteratureCorn
81.5%
TelevisionPumpkin
81.3%
MusicFamily
77.8%
TelevisionBean
77.1%
MoviesDinner
66.4%
SportsIndians
64.9%
MoviesPie
60.9%
TelevisionDuck
59.9%
SportsFootball
56.2%
HistoryThursday
53%
Hint Missing Word % Correct
LiteraturePrayer
42.5%
MusicNovember
40.7%
TelevisionParade
40.2%
LiteratureFeast
39.6%
SportsTurkey
37.9%
LiteratureHarvest
33.8%
MusicHoliday
33%
HistoryFall
32.5%
MusicGravy
21.4%
SportsPlymouth
15.7%
MoviesGrace
12.6%
HistoryBread
7.7%

Today's Daily Dose

Missing Word
I Hardly Know Her!

Word Ladder
Sentence Ending

Quick Pick
Female Firsts

Get the Picture
Triathlon Sports

Remove Ads.
Support Sporcle.
Get the best of Sporcle when you Go Orange. This ad-free experience offers more features, more stats, and more fun while also helping to support Sporcle. Thank you for becoming a member.

You're not logged in!

Compare scores with friends on all Sporcle quizzes.
OR
Log In

Show Comments

Extras

Top Quizzes Today


Score Distribution

Your Account Isn't Verified!

In order to create a playlist on Sporcle, you need to verify the email address you used during registration. Go to your Sporcle Settings to finish the process.

Report this User

Report this user for behavior that violates our Community Guidelines.

Details: